[Event "GBR-ch 102nd"]
[Site "Coventry"]
[Date "2015.08.07"]
[Round "11"]
[White "Jones, William EG"]
[Black "Hill, Alistair"]
[Result "1/2-1/2"]
[WhiteElo "2115"]
[BlackElo "2159"]
[PlyCount "44"]
[EventDate "2015.07.27"]
[EventType "swiss"]
[EventRounds "11"]
[EventCountry "ENG"]
[SourceTitle "CBM 167 Extra"]
[Source "ChessBase"]
[SourceDate "2015.09.14"]
[SourceVersion "1"]
[SourceVersionDate "2015.09.14"]
[SourceQuality "1"]

1. e4 c5 2. Nf3 Nc6 3. d4 cxd4 4. Nxd4 Nf6 5. Nc3 e5 6. Ndb5 d6 7. Bg5 a6 8. Na3 b5 9. Nd5 Be7 10. Bxf6 Bxf6 11. c4 b4 12. Nc2 0-0 13. g3 a5 14. Bg2 Be6 15. 0-0 Bg5 16. Qd3 Bxd5 17. cxd5 Nb8 18. a3 bxa3 19. Rxa3 Nd7 20. b4 axb4 21. Rxa8 Qxa8 22. Nxb4 Nc5 1/2-1/2

[Event "GBR-ch 102nd"]
[Site "Coventry"]
[Date "2015.07.31"]
[Round "5"]
[White "Jones, William EG"]
[Black "Ashworth, Michael"]
[Result "1/2-1/2"]
[WhiteElo "2115"]
[BlackElo "1912"]
[PlyCount "97"]
[EventDate "2015.07.27"]
[EventType "swiss"]
[EventRounds "11"]
[EventCountry "ENG"]
[SourceTitle "CBM 167 Extra"]
[Source "ChessBase"]
[SourceDate "2015.09.14"]
[SourceVersion "1"]
[SourceVersionDate "2015.09.14"]
[SourceQuality "1"]

1. e4 e6 2. d4 d5 3. Nc3 Nf6 4. e5 Nfd7 5. f4 c5 6. Nf3 Nc6 7. Be3 a6 8. Qd2 b5 9. dxc5 Bxc5 10. Bxc5 Nxc5 11. Qf2 Qb6 12. Bd3 b4 13. Ne2 a5 14. 0-0 Ba6 15. Rfd1 Na4 16. Qxb6 Nxb6 17. Bxa6 Rxa6 18. a3 Ke7 19. axb4 Nxb4 20. Ned4 Rc8 21. c3 Nc6 22. b3 a4 23. Ra3 Nb8 24. b4 Nc4 25. Ra2 a3 26. Rda1 Nd7 27. Nb5 Ra4 28. Kf2 f6 29. Re1 fxe5 30. fxe5 Nb2 31. Kg3 Nd3 32. Re3 Nc1 33. Rxa3 Rxa3 34. Nxa3 Rxc3 35. Rxc3 Ne2+ 36. Kf2 Nxc3 37. Ke3 Ne4 38. Nb5 Nb6 39. Kd4 Kd7 40. Nc3 Nxc3 41. Kxc3 h6 42. Kd4 Kc6 43. Ne1 Nd7 44. Nd3 g5 45. g4 Kb5 46. Kc3 Kc6 47. Kd4 Kb5 48. Kc3 Kc6 49. Kd4 1/2-1/2

[Event "BCF-chT2d 1415 (4NCL) Demotion pool"]
[Site "England"]
[Date "2015.03.29"]
[Round "8.19"]
[White "Scrimgour, Alan"]
[Black "Jones, William EG"]
[Result "1/2-1/2"]
[WhiteElo "2071"]
[BlackElo "2113"]
[PlyCount "63"]
[EventDate "2015.03.29"]
[EventType "team-tourn"]
[EventRounds "11"]
[EventCountry "ENG"]
[SourceTitle "EXT 2016"]
[Source "ChessBase"]
[SourceDate "2015.10.08"]
[SourceVersion "1"]
[SourceVersionDate "2015.10.08"]
[SourceQuality "1"]
[WhiteTeam "BCM Dragons"]
[BlackTeam "KJCA Kings"]
[WhiteTeamCountry "ENG"]
[BlackTeamCountry "ENG"]

1. e4 c5 2. c3 Nf6 3. e5 Nd5 4. d4 cxd4 5. cxd4 d6 6. Nf3 Nc6 7. Bc4 e6 8. 0-0 Be7 9. Qe2 0-0 10. Nc3 dxe5 11. dxe5 Nxc3 12. bxc3 Qc7 13. Bd3 Bd7 14. Qe4 g6 15. Bh6 Rfd8 16. Rfe1 Be8 17. h4 Na5 18. Rac1 Bc6 19. Qe2 Bxf3 20. Qxf3 Bxh4 21. Re4 Be7 22. g4 Rd7 23. Bf4 Qd8 24. Be2 Bg5 25. Kg2 h6 26. Rh1 Kg7 27. Qh3 Bxf4 28. Rxf4 Qg5 29. Ra4 Qxe5 30. Qxh6+ Kf6 31. Bf3 Ke7 32. Qc1 1/2-1/2

[Event "4NCL-ch rapid"]
[Site "Daventry"]
[Date "2014.10.05"]
[Round "6.6"]
[White "Jones, William EG"]
[Black "Pritchett, Craig William"]
[Result "1/2-1/2"]
[WhiteElo "2124"]
[BlackElo "2315"]
[PlyCount "85"]
[EventDate "2014.10.05"]
[EventType "swiss (rapid)"]
[EventRounds "7"]
[EventCountry "ENG"]
[SourceTitle "CBM 162 Extra"]
[Source "ChessBase"]
[SourceDate "2014.10.17"]
[SourceVersion "1"]
[SourceVersionDate "2014.10.17"]
[SourceQuality "1"]

1. e4 c5 2. Nf3 e6 3. d4 cxd4 4. Nxd4 Nc6 5. Nc3 a6 6. Be3 Nf6 7. a3 d6 8. f4 Be7 9. Qf3 e5 10. Nxc6 bxc6 11. Bc4 0-0 12. f5 Bb7 13. 0-0-0 Qa5 14. Bg5 Qc5 15. Ba2 Rfd8 16. h4 Rac8 17. g4 d5 18. Bxf6 Bxf6 19. g5 Be7 20. exd5 cxd5 21. Bxd5 Bxd5 22. Rxd5 Rxd5 23. Qxd5 Qe3+ 24. Qd2 Qf3 25. Re1 Qxf5 26. Nd5 Bf8 27. Qe2 Rc5 28. c4 h6 29. b4 Rc6 30. Qe4 Qc8 31. c5 hxg5 32. hxg5 Qh3 33. Kb2 Rg6 34. Qxe5 Qg2+ 35. Re2 Qg4 36. Ne7+ Bxe7 37. Qxe7 Qd4+ 38. Kc2 Qc4+ 39. Kb2 Qd4+ 40. Kc2 Qc4+ 41. Kb2 Qd4+ 42. Kc2 Qc4+ 43. Kb2 1/2-1/2

[Event "4NCL-chT rapid"]
[Site "Daventry"]
[Date "2014.10.04"]
[Round "5.1"]
[White "Summerscale, Claire"]
[Black "Jones, William EG"]
[Result "0-1"]
[WhiteElo "1936"]
[BlackElo "2124"]
[PlyCount "100"]
[EventDate "2014.10.04"]
[EventType "team-swiss (rapid)"]
[EventRounds "7"]
[EventCountry "ENG"]
[SourceTitle "CBM 162 Extra"]
[Source "ChessBase"]
[SourceDate "2014.10.17"]
[SourceVersion "1"]
[SourceVersionDate "2014.10.17"]
[SourceQuality "1"]
[WhiteTeam "Grantham II"]
[BlackTeam "RSJ"]
[WhiteTeamCountry "ENG"]
[BlackTeamCountry "ENG"]

1. d4 Nf6 2. Nc3 d5 3. Bg5 Nbd7 4. f3 c5 5. Bxf6 Nxf6 6. e4 dxe4 7. dxc5 Qc7 8. c6 bxc6 9. fxe4 g6 10. Nf3 Bg7 11. Bc4 0-0 12. Qe2 Qb6 13. Bb3 Ba6 14. Qf2 Ng4 15. Qxb6 axb6 16. Na4 Rab8 17. c3 Bd3 18. h3 Ne5 19. Nxe5 Bxe5 20. Kf2 Bd6 21. c4 Bxe4 22. Rhe1 Bf5 23. Rad1 b5 24. cxb5 cxb5 25. Nc3 Kg7 26. Nd5 Be6 27. Rd3 Rfc8 28. Re2 Rc5 29. Ne3 Bc4 30. Bxc4 bxc4 31. Rc3 Rbc8 32. Rec2 Ra8 33. a3 Be5 34. Rxc4 Rb5 35. Rb4 Rxb4 36. axb4 Rb8 37. Nd5 Bd6 38. Ke3 e6 39. Nc3 Rxb4 40. Ne4 Be5 41. Rf2 Rxb2 42. Rxb2 Bxb2 43. Kf3 Bd4 44. Nd2 f5 45. Nb3 Bb6 46. Nd2 e5 47. Nc4 Bd4 48. Nd2 Kf6 49. Nb3 e4+ 50. Ke2 Ke5 0-1

[Event "BCF-chT2d 1314 (4NCL)"]
[Site "England"]
[Date "2014.03.23"]
[Round "8.83"]
[White "Berry, Neil"]
[Black "Jones, William EG"]
[Result "1/2-1/2"]
[WhiteElo "2201"]
[BlackElo "2124"]
[PlyCount "75"]
[EventDate "2013.11.16"]
[EventType "team-tourn"]
[EventRounds "11"]
[EventCountry "ENG"]
[SourceTitle "EXT 2015"]
[Source "ChessBase"]
[SourceDate "2014.11.20"]
[SourceVersion "1"]
[SourceVersionDate "2014.11.20"]
[SourceQuality "1"]
[WhiteTeam "Barbican Youth"]
[BlackTeam "KJCA Kings"]
[WhiteTeamCountry "ENG"]
[BlackTeamCountry "ENG"]

1. d4 Nf6 2. c4 g6 3. Nc3 Bg7 4. e4 d6 5. Nf3 0-0 6. Be2 e5 7. Be3 Nbd7 8. d5 Ng4 9. Bd2 a5 10. h3 Ngf6 11. Bg5 Nc5 12. Nd2 Qe8 13. g4 Nfd7 14. h4 Nb6 15. Nb3 Nba4 16. Nb5 Qd7 17. Qc2 c6 18. Nxc5 Nxc5 19. Nc3 Qc7 20. h5 h6 21. Be3 g5 22. 0-0 cxd5 23. Nxd5 Qd8 24. Bxc5 dxc5 25. Rfd1 Ra6 26. Rd2 Rd6 27. Rad1 Kh8 28. Qb3 b6 29. Kg2 Be6 30. a4 Qb8 31. Qf3 Bxd5 32. Rxd5 Rf6 33. Qd3 Re8 34. Rd8 Rxd8 35. Qxd8+ Qxd8 36. Rxd8+ Kh7 37. f3 Re6 38. Kf2 1/2-1/2

[Event "BCF-chT2a 1314 (4NCL)"]
[Site "England"]
[Date "2014.02.16"]
[Round "6.32"]
[White "Kett, Timothy"]
[Black "Jones, William EG"]
[Result "1-0"]
[WhiteElo "2235"]
[BlackElo "2127"]
[PlyCount "95"]
[EventDate "2013.11.16"]
[EventType "team-swiss"]
[EventRounds "11"]
[EventCountry "ENG"]
[SourceTitle "EXT 2015"]
[Source "ChessBase"]
[SourceDate "2014.11.20"]
[SourceVersion "1"]
[SourceVersionDate "2014.11.20"]
[SourceQuality "1"]
[WhiteTeam "Rhyfelwyr Essyllwg"]
[BlackTeam "KJCA Kings"]
[WhiteTeamCountry "ENG"]
[BlackTeamCountry "ENG"]

1. Nf3 Nf6 2. g3 g6 3. Bg2 Bg7 4. 0-0 0-0 5. d4 d6 6. b3 Nc6 7. Bb2 e5 8. dxe5 Nd7 9. c4 dxe5 10. Nc3 e4 11. Ne1 f5 12. Qd2 Nde5 13. Nd5 Be6 14. Rd1 Rf7 15. f3 exf3 16. exf3 Rd7 17. f4 Ng4 18. Bxg7 Kxg7 19. Nd3 Qf8 20. Qc3+ Nf6 21. Nxf6 Qxf6 22. Qxf6+ Kxf6 23. Nc5 Rxd1 24. Rxd1 Nd8 25. Nxb7 Nxb7 26. Bxb7 Rb8 27. Bd5 Rd8 28. Bf3 Rb8 29. Kf2 a5 30. Rd3 a4 31. Ke3 axb3 32. axb3 c5 33. Kd2 Rb6 34. Kc3 Ke7 35. Bd5 Bd7 36. Rd1 Ra6 37. Kb2 h6 38. Ra1 Rxa1 39. Kxa1 g5 40. Kb2 Kd6 41. Kc3 Kc7 42. b4 Kb6 43. fxg5 hxg5 44. b5 Kc7 45. Kd3 Kb6 46. h4 f4 47. hxg5 fxg3 48. Ke3 1-0

[Event "Crawley e2e4 Gatwick op 11"]
[Site "Crawley"]
[Date "2013.11.03"]
[Round "4"]
[White "Jones, William EG"]
[Black "Oyama, Akito"]
[Result "1-0"]
[WhiteElo "2127"]
[BlackElo "1994"]
[PlyCount "111"]
[EventDate "2013.11.01"]
[EventType "swiss"]
[EventRounds "5"]
[EventCountry "ENG"]
[SourceTitle "EXT 2014"]
[Source "ChessBase"]
[SourceDate "2013.11.20"]
[SourceVersion "1"]
[SourceVersionDate "2013.11.20"]
[SourceQuality "1"]

1. e4 c5 2. Nf3 Nc6 3. d4 cxd4 4. Nxd4 e5 5. Nb5 d6 6. N1c3 a6 7. Na3 b5 8. Nd5 Nge7 9. c4 Nd4 10. cxb5 Nxd5 11. exd5 Be7 12. Bd3 0-0 13. 0-0 f5 14. Be3 Nxb5 15. Nxb5 axb5 16. f3 f4 17. Bf2 g5 18. Qc2 Rf7 19. Bxb5 g4 20. Kh1 Qf8 21. Rfc1 Bg5 22. a4 g3 23. Bg1 Rf6 24. h3 Rh6 25. Bf1 Bf5 26. Qe2 Re8 27. Rc4 Qf7 28. Rd1 Qh5 29. Re4 Bxe4 30. Qxe4 Ra8 31. Bb6 Qe8 32. a5 Bd8 33. Bxd8 Qxd8 34. b4 Rf6 35. Rc1 Rc8 36. Rc6 Rf8 37. Bd3 Qd7 38. b5 Rf7 39. b6 Qb7 40. Qc4 Re8 41. a6 Qb8 42. Be4 Kg7 43. Qb5 Ree7 44. Kg1 h6 45. Kf1 Rd7 46. Ke2 Rde7 47. Kd2 Rd7 48. Kc3 Rde7 49. Qb4 Rd7 50. Bd3 Qe8 51. Qe4 Kf8 52. Kb4 Rf6 53. Bb5 Qb8 54. Ka5 Rdf7 55. Qc4 Ke7 56. Rc8 1-0

[Event "Coulsdon Jessie Gilbert 6th"]
[Site "Coulsdon"]
[Date "2013.08.17"]
[Round "1"]
[White "Jones, William EG"]
[Black "Feygin, Michael"]
[Result "1-0"]
[WhiteElo "2122"]
[BlackElo "2533"]
[PlyCount "127"]
[EventDate "2013.08.17"]
[EventType "swiss"]
[EventRounds "11"]
[EventCountry "ENG"]
[SourceTitle "CBM 156 Extra"]
[Source "ChessBase"]
[SourceDate "2013.10.22"]
[SourceVersion "1"]
[SourceVersionDate "2013.10.22"]
[SourceQuality "1"]

1. e4 c5 2. Nf3 Nc6 3. d4 cxd4 4. Nxd4 g6 5. Nc3 Bg7 6. Be3 Nf6 7. Bc4 0-0 8. Bb3 Ng4 9. Qxg4 Nxd4 10. Qd1 Nxb3 11. axb3 f5 12. Bd4 d6 13. Bxg7 Kxg7 14. Rxa7 Rxa7 15. Qd4+ e5 16. Qxa7 fxe4 17. 0-0 d5 18. Rd1 d4 19. Qc5 Qg5 20. Nxe4 Qf5 21. Re1 Be6 22. f3 Rc8 23. Qe7+ Qf7 24. Qd6 Qf5 25. g4 Qf4 26. Qxe6 Rxc2 27. Qe7+ Kh8 28. Qf6+ Qxf6 29. Nxf6 d3 30. Rd1 d2 31. Kf1 Rxb2 32. Ke2 Kg7 33. Nd7 e4 34. fxe4 Rxb3 35. Rxd2 Rh3 36. Kf1 Rf3+ 37. Rf2 Rd3 38. Nc5 Rd1+ 39. Ke2 Rb1 40. g5 Rb6 41. Kd3 h6 42. h4 hxg5 43. hxg5 Rd6+ 44. Kc4 b6 45. Nb3 Rd1 46. Nd4 Rg1 47. Ne6+ Kh8 48. Rb2 Rd1 49. Rxb6 Rd2 50. Rb8+ Kh7 51. Rd8 Re2 52. Rd7+ Kh8 53. Kd5 Rd2+ 54. Kc6 Re2 55. Nc5 Rg2 56. e5 Kg8 57. Ne4 Re2 58. Kd5 Ra2 59. e6 Ra5+ 60. Kd6 Ra6+ 61. Ke5 Ra5+ 62. Kf6 Ra8 63. Kxg6 Kf8 64. e7+ 1-0

[Event "BCF-chT2b 1213 (4NCL)"]
[Site "England"]
[Date "2013.02.23"]
[Round "5.84"]
[White "Jones, William EG"]
[Black "Balaji, Ananthanarayanan"]
[Result "1/2-1/2"]
[WhiteElo "2111"]
[BlackElo "1919"]
[PlyCount "121"]
[EventDate "2012.11.03"]
[EventType "team-tourn"]
[EventRounds "7"]
[EventCountry "ENG"]
[SourceTitle "EXT 2014"]
[Source "ChessBase"]
[SourceDate "2013.11.20"]
[SourceVersion "1"]
[SourceVersionDate "2013.11.20"]
[SourceQuality "1"]
[WhiteTeam "KJCA Kings"]
[BlackTeam "Kings Head"]
[WhiteTeamCountry "ENG"]
[BlackTeamCountry "ENG"]

1. e4 e5 2. Nf3 Nc6 3. Bb5 a6 4. Ba4 Nf6 5. 0-0 b5 6. Bb3 Bc5 7. a4 Bb7 8. d3 0-0 9. Nc3 b4 10. Nd5 Na5 11. Nxf6+ Qxf6 12. Bg5 Qg6 13. Ba2 d6 14. Be7 Rfe8 15. Nxe5 dxe5 16. Bxc5 Nc6 17. f4 Rad8 18. fxe5 Nxe5 19. Qe2 a5 20. Rf5 Bc8 21. Rf4 Be6 22. Bxe6 Qxe6 23. b3 Ng6 24. Rff1 f5 25. Rae1 fxe4 26. Qxe4 Qxe4 27. dxe4 Re6 28. Rf5 Rd2 29. Rf2 Rd5 30. Ba7 Rde5 31. Bb8 Rc6 32. Rd1 Re8 33. Ba7 h6 34. Re1 Rce6 35. Rfe2 Nf4 36. Re3 Rc6 37. g3 Ne6 38. R3e2 Ra6 39. Bf2 Ng5 40. Kg2 Rae6 41. e5 Rd8 42. h4 Nf7 43. g4 Rd5 44. Bg3 Kf8 45. Rf1 Ke7 46. Ref2 Nxe5 47. Bxe5 Rexe5 48. Rf7+ Kd6 49. Rxg7 Re2+ 50. Rf2 Rdd2 51. Rg6+ Kd5 52. Rxe2 Rxe2+ 53. Kf3 Rxc2 54. Rxh6 Rc3+ 55. Ke2 c5 56. g5 Rxb3 57. g6 Rg3 58. Rh5+ Kd6 59. Rh6 Kd5 60. Rh5+ Kd6 61. Rh6 1/2-1/2

[Event "Hastings Masters op 88th"]
[Site "Hastings"]
[Date "2012.12.31"]
[Round "4"]
[White "Jones, William EG"]
[Black "Dennis, Nigel W"]
[Result "1-0"]
[WhiteElo "2094"]
[BlackElo "1904"]
[PlyCount "55"]
[EventDate "2012.12.28"]
[EventType "swiss"]
[EventRounds "10"]
[EventCountry "ENG"]
[SourceTitle "CBM 152 Extra"]
[Source "ChessBase"]
[SourceDate "2013.02.25"]
[SourceVersion "1"]
[SourceVersionDate "2013.02.25"]
[SourceQuality "1"]

1. e4 c5 2. Nf3 e6 3. d4 cxd4 4. Nxd4 Nf6 5. Nc3 d6 6. Be3 a6 7. g4 h6 8. Bg2 e5 9. Nf5 g6 10. Qe2 gxf5 11. exf5 Nc6 12. 0-0-0 Be7 13. f4 Qa5 14. g5 hxg5 15. fxg5 Nd7 16. f6 Bf8 17. Bd5 Nc5 18. Qf3 Rh3 19. Bxc6+ Kd8 20. Qd5 Rxe3 21. Qxf7 bxc6 22. Qxf8+ Kc7 23. Qxd6+ Kb7 24. f7 Bg4 25. f8Q Rxf8 26. Qxf8 Bxd1 27. Rxd1 Qc7 28. Qxc5 1-0

[Event "Wch U20 51st"]
[Site "Athens"]
[Date "2012.08.13"]
[Round "11"]
[White "Kalogridakis, Georgios"]
[Black "Jones, William EG"]
[Result "1-0"]
[WhiteElo "2017"]
[BlackElo "2127"]
[PlyCount "141"]
[EventDate "2012.08.02"]
[EventType "swiss"]
[EventRounds "13"]
[EventCountry "GRE"]
[SourceTitle "CBM 149 Extra"]
[Source "ChessBase"]
[SourceDate "2012.08.24"]
[SourceVersion "1"]
[SourceVersionDate "2012.08.24"]
[SourceQuality "1"]

1. e4 c5 2. Nf3 d6 3. d4 cxd4 4. Nxd4 Nf6 5. Nc3 a6 6. Be2 e5 7. Nb3 Be7 8. Bg5 Be6 9. Bxf6 Bxf6 10. Qd3 0-0 11. 0-0-0 Be7 12. Nd5 Bxd5 13. Qxd5 Qb6 14. Rhf1 Nd7 15. Kb1 Nf6 16. Qd2 Rfd8 17. Bf3 Rac8 18. h4 Rc7 19. g4 Nd7 20. g5 Nf8 21. Nc1 Ng6 22. Ne2 Nxh4 23. Nc3 Rxc3 24. Qxc3 Bxg5 25. Bh5 Ng6 26. Bxg6 hxg6 27. Qc4 Rd7 28. Rg1 Bf6 29. Rg2 Kf8 30. Rh2 Rc7 31. Qe2 Ke7 32. Rh8 Qc6 33. Qd3 Qb6 34. Rg8 Rc6 35. Qe2 Qc5 36. Rh1 Qc4 37. Qd3 Qxd3 38. cxd3 Bg5 39. Rxg7 Ke6 40. a3 Bf6 41. Rg8 Bg5 42. f3 Bf4 43. Re8+ Kf6 44. Reh8 Ke6 45. Rb8 Rc7 46. Rf1 f5 47. Rg1 Rg7 48. Rg2 Be3 49. Re8+ Kf7 50. Rd8 Ke7 51. Rc8 Ke6 52. Rgc2 d5 53. R2c7 Rxc7 54. Rxc7 dxe4 55. dxe4 fxe4 56. fxe4 b6 57. Rc6+ Kf7 58. b4 Kg7 59. Kc2 Kh6 60. a4 Kh5 61. Kd3 Bd4 62. a5 bxa5 63. bxa5 g5 64. Rxa6 g4 65. Ke2 Kg5 66. Kf1 Kf4 67. Rg6 Kxe4 68. Rxg4+ Kd5 69. a6 Kc6 70. Rg7 e4 71. a7 1-0

[Event "Wch U20 51st"]
[Site "Athens"]
[Date "2012.08.07"]
[Round "6"]
[White "Kalofonos, Panayotis"]
[Black "Jones, William EG"]
[Result "1/2-1/2"]
[WhiteElo "1806"]
[BlackElo "2127"]
[PlyCount "81"]
[EventDate "2012.08.02"]
[EventType "swiss"]
[EventRounds "13"]
[EventCountry "GRE"]
[SourceTitle "CBM 149 Extra"]
[Source "ChessBase"]
[SourceDate "2012.08.24"]
[SourceVersion "1"]
[SourceVersionDate "2012.08.24"]
[SourceQuality "1"]

1. e4 c5 2. Nf3 d6 3. d4 cxd4 4. Nxd4 Nf6 5. Nc3 a6 6. Be3 e5 7. Nb3 Be6 8. f3 Be7 9. Qd2 0-0 10. 0-0-0 Nbd7 11. g4 b5 12. g5 b4 13. Ne2 Ne8 14. f4 a5 15. f5 a4 16. Nbd4 exd4 17. Nxd4 b3 18. Kb1 bxc2+ 19. Nxc2 Bb3 20. axb3 axb3 21. Na3 Ne5 22. Qg2 Qb8 23. Bf4 Ra4 24. h4 Qb4 25. f6 Bd8 26. Bxe5 dxe5 27. Bb5 Ra8 28. Bc6 Rb8 29. Bd5 Nc7 30. fxg7 Kxg7 31. Qg3 Qe7 32. Bxb3 Nb5 33. Nxb5 Rxb5 34. Bc4 Rb4 35. b3 Bb6 36. Qf3 Rc8 37. Qf6+ Qxf6 38. gxf6+ Kh6 39. Kc2 Bd4 40. Kd3 Rb6 41. Rdf1 1/2-1/2

[Event "Wch U20 51st"]
[Site "Athens"]
[Date "2012.08.06"]
[Round "5"]
[White "Arat, Ufuk Sezen"]
[Black "Jones, William EG"]
[Result "0-1"]
[WhiteElo "2124"]
[BlackElo "2127"]
[PlyCount "82"]
[EventDate "2012.08.02"]
[EventType "swiss"]
[EventRounds "13"]
[EventCountry "GRE"]
[SourceTitle "CBM 149 Extra"]
[Source "ChessBase"]
[SourceDate "2012.08.24"]
[SourceVersion "1"]
[SourceVersionDate "2012.08.24"]
[SourceQuality "1"]

1. c4 Nf6 2. g3 g6 3. Bg2 Bg7 4. Nc3 0-0 5. e4 c5 6. Nge2 Nc6 7. 0-0 a6 8. d3 Rb8 9. a4 d6 10. h3 Ne8 11. Be3 Nc7 12. d4 cxd4 13. Nxd4 Ne6 14. Nde2 Na5 15. b3 Bd7 16. Rb1 b5 17. cxb5 axb5 18. b4 Nc4 19. a5 Nxe3 20. fxe3 Nc7 21. Nd4 e6 22. Qd3 Qg5 23. Rfd1 Rfd8 24. Nf3 Qe7 25. Ne2 Be8 26. Ned4 d5 27. exd5 e5 28. Nc6 Bxc6 29. d6 e4 30. dxe7 Rxd3 31. Rxd3 exd3 32. Rc1 Bxf3 33. Bxf3 Be5 34. Bc6 Bd6 35. a6 Bxe7 36. a7 Rd8 37. Bf3 Na8 38. Kf1 Bxb4 39. Bxa8 Rxa8 40. Rc7 Kg7 41. g4 Rd8 0-1

[Event "Wch U20 51st"]
[Site "Athens"]
[Date "2012.08.03"]
[Round "2"]
[White "Thavandiran, Shiyam"]
[Black "Jones, William EG"]
[Result "1/2-1/2"]
[WhiteElo "2301"]
[BlackElo "2127"]
[PlyCount "153"]
[EventDate "2012.08.02"]
[EventType "swiss"]
[EventRounds "13"]
[EventCountry "GRE"]
[SourceTitle "CBM 149 Extra"]
[Source "ChessBase"]
[SourceDate "2012.08.24"]
[SourceVersion "1"]
[SourceVersionDate "2012.08.24"]
[SourceQuality "1"]

1. c4 Nf6 2. g3 g6 3. Bg2 Bg7 4. Nc3 0-0 5. e4 c5 6. Nge2 Nc6 7. d3 Rb8 8. a3 d6 9. Rb1 Bd7 10. b4 Ne8 11. h4 h5 12. 0-0 Nc7 13. b5 Ne5 14. f4 Ng4 15. Qd2 Ne6 16. Nd1 Nd4 17. Nxd4 Bxd4+ 18. Kh1 f5 19. Qe2 e6 20. Ne3 Nxe3 21. Bxe3 e5 22. Bxd4 exd4 23. e5 Re8 24. Rbe1 dxe5 25. fxe5 Be6 26. Qd2 Kg7 27. a4 a5 28. bxa6 bxa6 29. Rb1 Qc7 30. a5 Qxe5 31. Qf4 Qxf4 32. gxf4 Rb4 33. Rxb4 cxb4 34. Rb1 Rb8 35. Bc6 b3 36. Rb2 Rb4 37. Kg1 Kf6 38. Kf1 Ke7 39. Ke1 Bf7 40. Bf3 Be8 41. Bd1 Ba4 42. Kd2 Kd6 43. Kc1 Rb8 44. Kb1 Kc5 45. Re2 Kb4 46. Kb2 Kxa5 47. Re6 Rb6 48. Rxb6 Kxb6 49. Bxb3 Bc6 50. Ka3 a5 51. Ba4 Bf3 52. Kb2 Be2 53. Kc2 Kc5 54. Be8 Kb4 55. Bxg6 Bg4 56. Kc1 a4 57. Kb2 a3+ 58. Ka2 Ka4 59. Be8+ Kb4 60. Bd7 Bh3 61. c5 Kxc5 62. Kxa3 Bg4 63. Ka4 Bh3 64. Be8 Bf1 65. Bb5 Be2 66. Ka5 Bf1 67. Bc4 Be2 68. Ka4 Bf1 69. Kb3 Be2 70. Kc2 Kb4 71. Kb2 Bf1 72. Bf7 Be2 73. Bg6 Bg4 74. Be8 Be2 75. Bg6 Bg4 76. Bh7 Bh3 77. Bg6 1/2-1/2

[Event "BCF-chT3 1112 (4NCL)"]
[Site "England"]
[Date "2012.05.07"]
[Round "11.77"]
[White "Jones, William EG"]
[Black "Richardson, Alex"]
[Result "1-0"]
[WhiteElo "2110"]
[BlackElo "2114"]
[PlyCount "79"]
[EventDate "2011.11.12"]
[EventType "team-swiss"]
[EventRounds "11"]
[EventCountry "ENG"]
[SourceTitle "EXT 2013"]
[Source "ChessBase"]
[SourceDate "2012.11.22"]
[SourceVersion "1"]
[SourceVersionDate "2012.11.22"]
[SourceQuality "1"]
[WhiteTeam "KJCA Kings"]
[BlackTeam "Cheddleton II"]
[WhiteTeamCountry "ENG"]
[BlackTeamCountry "ENG"]

1. e4 c6 2. d4 d5 3. e5 c5 4. dxc5 e6 5. a3 Bxc5 6. b4 Bb6 7. Nf3 Ne7 8. Bd3 a5 9. b5 Bc5 10. a4 Nd7 11. 0-0 Qc7 12. Bb2 b6 13. Qe2 Bb7 14. Nbd2 h6 15. Nb3 0-0 16. Rae1 Rfe8 17. Nfd4 Rac8 18. c3 Nf8 19. f4 Rcd8 20. Qh5 Bc8 21. Kh1 Kh8 22. Qxf7 Qd7 23. Qh5 Nf5 24. g4 Ne7 25. f5 exf5 26. gxf5 Ng8 27. Bc1 Nh7 28. Rg1 Bb7 29. Re2 Qc7 30. Qg6 Nf8 31. Qg3 Nh7 32. Bf4 Qe7 33. h4 Rd7 34. Reg2 Qf8 35. Ne6 Rxe6 36. fxe6 Re7 37. Qg6 Ngf6 38. exf6 Nxf6 39. Nxc5 bxc5 40. Be5 1-0

[Event "British Universities-ch"]
[Site "High Wycombe"]
[Date "2012.02.25"]
[Round "2"]
[White "Brown, Martin"]
[Black "Jones, William EG"]
[Result "1/2-1/2"]
[WhiteElo "2183"]
[BlackElo "2111"]
[PlyCount "54"]
[EventDate "2012.02.25"]
[EventType "team-swiss"]
[EventRounds "5"]
[EventCountry "ENG"]
[SourceTitle "CBM 147 Extra"]
[Source "ChessBase"]
[SourceDate "2012.04.24"]
[SourceVersion "1"]
[SourceVersionDate "2012.04.24"]
[SourceQuality "1"]
[WhiteTeam "York"]
[BlackTeam "Warwicks Select"]
[WhiteTeamCountry "ENG"]
[BlackTeamCountry "ENG"]

1. e4 c5 2. Nf3 d6 3. d4 cxd4 4. Nxd4 Nf6 5. Nc3 a6 6. Be2 e5 7. Nb3 Be7 8. 0-0 0-0 9. Be3 Be6 10. Qd2 b5 11. a4 b4 12. Nd5 Nxe4 13. Nxe7+ Qxe7 14. Qxb4 f5 15. Na5 Rc8 16. Bf3 Nd7 17. Bxe4 fxe4 18. Rfd1 Nc5 19. Bxc5 Rxc5 20. Qxe4 Rac8 21. b4 Rxc2 22. b5 axb5 23. axb5 Qf6 24. Rf1 d5 25. Qb4 Rf8 26. b6 e4 27. b7 Rb2 1/2-1/2